000 00744nam a22002657a 4500
001 BR9511145
003 BR-BrBNA
005 20230928094847.0
007 ta
008 230509b bl.||||| |||| 00| 0 por d
040 _aBR-BrBNA
_bpor
_cBiblioteca Nacional de Agricultura
041 _a(Por)
072 _aF01
_b1123
090 _ 1123 BR9511145
100 1 _aDantas, S. da C.
110 1 _aAssociacao de Assistencia Tecnica e Extensao Rural do Estado de Rondonia, Porto Velho (Brasil)
_9405
245 1 _aCultivo do maracujazeiro
260 3 _aPorto Velho, RO (Brasil):
_c1994.
300 _a18 P.
500 _a6 ref.
650 _aMaracuja
650 _aPratica Cultural
909 _a202309
_bLucia
_c55
_dLucia Elande
942 _cBK
999 _c53074
_d53074